Atrapalecturas 4: Leyendo para siempre
שמור ב:
| מחבר ראשי: | |
|---|---|
| פורמט: | ספר |
| שפה: | ספרדית |
| יצא לאור: |
Santiago
Mare Nostrum
2005
|
| מהדורה: | 1a. ed |
| נושאים: | |
| תגים: |
הוספת תג
אין תגיות, היה/י הראשונ/ה לתייג את הרשומה!
|
MARC
| LEADER | 00000nam a2200000 a 4500 | ||
|---|---|---|---|
| 001 | UCH9796 | ||
| 003 | CL-VaPUC | ||
| 008 | 100121e20050200CL |||||||||||||||||spa|d | ||
| 020 | |a 956294090X | ||
| 082 | 0 | 4 | |a 800.068 |b BEU |2 21 |
| 100 | 0 | |a Beuchat Reichardt, Cecilia |e author |9 547068 | |
| 245 | 1 | 0 | |a Atrapalecturas 4: Leyendo para siempre |
| 250 | |a 1a. ed | ||
| 300 | |a 140 p | ||
| 942 | |c BK | ||
| 945 | |d 20100121 00:00:00 |a dcastane | ||
| 260 | |a Santiago |b Mare Nostrum |c 2005 | ||
| 500 | |a Ilustraciones de Isabel Hojas Loret | ||
| 650 | 0 | |a Literatura infantil |9 307465 | |
| 650 | 0 | |a Cuentos infantiles |9 308044 | |
| 650 | 0 | |a Poesías infantiles |9 310305 | |
| 650 | 0 | |a Métodos de enseñanza |9 270413 | |
| 651 | 7 | |a CHILE |2 CL-VaPUC |9 547069 | |
| 583 | |a last modification |c 20100121 00:00:00 |k Rodrigo Vera | ||
| 999 | |c 339685 |d 339683 | ||